|
|
|
|
| LEADER |
00000nam a2200000 i 4500 |
| 001 |
DIGEDICNSB0019 |
| 003 |
NyNyDIG |
| 008 |
210211s2013 sp o 000 0 spa d |
| 006 |
m o d |
| 007 |
cr ||||||||||| |
| 035 |
|
|
|a (OCoLC)971614720
|
| 040 |
|
|
|a DGITA
|b eng
|e rda
|e pn
|c DGITA
|
| 020 |
|
|
|a 9788490196953
|q eBook
|q ePub
|
| 020 |
|
|
|z 9788466646383
|
| 043 |
|
|
|a e-sp---
|
| 050 |
1 |
4 |
|a DP272.4.F44 ebook
|
| 100 |
1 |
|
|a Íñigo, José María,
|d 1942-2018,
|e author.
|
| 245 |
1 |
0 |
|a Cien españoles y el príncipe /
|c José María Íñigo.
|
| 246 |
3 |
4 |
|a 100 españoles y el príncipe
|
| 250 |
|
|
|a 1a edición.
|
| 264 |
|
1 |
|a Barcelona :
|b B de Books,
|c [2013]
|
| 300 |
|
|
|a 1 online resource.
|
| 336 |
|
|
|a text
|b txt
|2 rdacontent
|
| 337 |
|
|
|a computer
|b c
|2 rdamedia
|
| 338 |
|
|
|a online resource
|b cr
|2 rdacarrier
|
| 347 |
|
|
|a text file
|2 rdaft
|
| 347 |
|
|
|b EPUB
|
| 588 |
0 |
|
|a Online resource; title from ePub title page (Digitalia, viewed February 11, 2021)
|
| 600 |
0 |
0 |
|a Felipe
|b VI,
|c King of Spain,
|d 1968-
|x Public opinion.
|
| 650 |
|
0 |
|a Spaniards
|v Interviews.
|
| 655 |
|
7 |
|a Interviews.
|2 lcgft
|
| 655 |
|
0 |
|a Electronic books.
|
| 776 |
0 |
8 |
|i Print version:
|a Íñigo, José María, 1942-2018.
|t Cien españoles y el príncipe.
|d Barcelona : Ediciones B, [2005]
|z 9788466646383
|w (OCoLC)708766241
|
| 791 |
2 |
|
|a Digitalia (Firm),
|e distributor.
|
| 793 |
0 |
|
|g Digitalia eBook Collection:
|a Ediciones B
|
| 856 |
4 |
0 |
|3 Digitalia Hispánica
|u https://www.digitaliapublishing.com/a/52891/
|
| 910 |
|
|
|a Premium collection: 2021
|